Los caracteres o las costumbres de este siglo.

Uloženo v:
Podrobná bibliografie
Hlavní autor: La Bruyére, Jean de (autor)
Další autoři: Berges, Consuelo (traductora)
Médium: Kniha
Jazyk:francouzština
Vydáno: Madrid, España: Aguilar, 1959.
Edice:Colección Crisol; 56.
Témata:
Tagy: Přidat tag
Žádné tagy, Buďte první, kdo vytvoří štítek k tomuto záznamu!

MARC

LEADER 00000nam a2200000 a 4500
001 UCY9259
003 CL-VaPUC
005 20220822114500.0
008 950713e19590000FR |||||||||||||||||fre|d
999 |c 435979  |d 435977 
040 |c Pontificia Universidad Católica de Valparaíso 
082 0 7 |a 848.407 LAB 1959  |2 21 
100 |a La Bruyére, Jean de  |e autor  |9 341338 
245 1 4 |a Los caracteres o las costumbres de este siglo.  
260 |a Madrid, España:   |b Aguilar,   |c 1959.  
300 |a 599 páginas. 
490 |a Colección Crisol;  |v  56. 
500 |a c.1 Donación Familia Prof. Alejandro Guzmán Brito. 
583 |a last modification  |c 20160810 05:01:46  |k Cristina María Rojas Aguilar 
650 7 |a Literatura francesa   |2 CL-VaPUC  |9 341339  |y Siglo 17 
700 |a Berges, Consuelo  |e traductora  |9 870609 
942 |c BK  |2 ddc  |n 0 
952 |0 0  |1 0  |2 ddc  |4 0  |6 848_407000000000000_LAB_1959  |7 0  |8 C_AGB  |9 583643  |a BIBDER  |b BIBDER  |d 2022-06-13  |e Donación   |i 5651770  |o 848.407 LAB 1959  |p 5651770  |r 2023-01-25  |t 1  |w 2022-06-13  |y BK_US  |k AGB